00405nam a2200169Ia 4500003000400000005001700004008004100021020001500062050002500077100001800102245002600120260003500146300003300181440000600214521000700220526000800227OSt20140321110242.0140130s9999 xx 000 0 und d a0590275356 aPZ 7b.L66245K5 1994 aLing, Bettina cBettina LingaKites / bScholastic,c1994.aNew York : a16 p. :bcol. ill. ;c24 cm. v1 aG1 c280